| 000 | 00900nam a2200229Ia 4500 | ||
|---|---|---|---|
| 999 |
_c39610 _d39610 |
||
| 001 | 6210 | ||
| 003 | GE_BSU | ||
| 005 | 20190424112505.0 | ||
| 008 | 181216s1962ge xx |||||||||||||| ||geo|| | ||
| 040 | _cGE_BSU | ||
| 041 | _ageo | ||
| 080 | _a624.01.001.4 დ-72 | ||
| 100 |
_aდოლიძე, დ. _9452 |
||
| 245 |
_aნაგებობათა გამოცდა / _cდ, დოლიძე ; რედ. : გ.მუხაძე, ა.კაკუბაძე. |
||
| 264 |
_aთბილისი : _bსპი, _c1962. |
||
| 300 |
_a228გვ. : _bილ. ; _c22 სმ. |
||
| 653 | _aნაგებობათა გამოცდა | ||
| 653 | _aსამშენებლო ნაგებობები | ||
| 700 |
_aგ. მუხაძე _eრედაქტორი. _9453 |
||
| 700 |
_aა.კაკუბაძე _eრედაქტორი. _9454 |
||
| 942 |
_cBK _2udc |
||